| 000 | 01359cam a2200253 4500 | ||
|---|---|---|---|
| 001 | ABS64519 | ||
| 008 | 010917n2001 000 0 eng u | ||
| 035 | _a(Sirsi) u114618 | ||
| 100 | _aBurns, M. | ||
| 245 | _aUpholding standards in adjudication | ||
| 260 | _c2001 | ||
| 490 |
_aDispute Resolution News _v(10) September 2001, 2(1) |
||
| 520 | _aConsiders the challenge of maintaining the quality and efficiency of the RICS Adjudication service. Warns of two areas for potential criticism of adjudicators: liens and up front payments. Notes that the new RICS guidance notes for surveyors acting as adjudicators, due to be published in autumn 2001, will contain a note to the effect that the RICS considers insistence on a lien to be contrary to pgh 19(3) of the scheme. Also warns that an adjudicator who seeks payment up-front risks receiving no further appointments from the RICS | ||
| 590 | _aABS | ||
| 650 | _aMANAGEMENT-DISPUTE AVOIDANCE, MANAGEMENT AND RESOLUTION-DISPUTE MANAGEMENT AND RESOLUTION-ALTERNATIVE DISPUTE RESOLUTION-ADJUDICATION-ADJUDICATORS | ||
| 650 | _aLIEN | ||
| 650 | _aRICS DISPUTE RESOLUTION SERVICE | ||
| 650 | _aPAYMENT IN ADVANCE | ||
| 650 | _aSTANDARDS | ||
| 650 | _aHOUSING GRANTS CONSTRUCTION AND REGENERATION ACT 1996 S108 | ||
| 690 |
_aDispute resolution _96236 |
||
| 700 | _aDancaster, C. | ||
| 942 | _n0 | ||
| 999 |
_c68283 _d68283 |
||